LEADER 01498nam a2200301 4500 001 000000347611 003 CaOOAMICUS 005 20210902142142.0 008 210902s1994 it a 000 u ita r 040 $aSeMil$bita 100 1 $aFilippini, Roberto.$0(OLS)http://semarc/name/114558 245 10$aLuci di Natale :$bpagine bibliche, poesie ed immagini /$cRoberto Filippini, Riccardo Fontana, Janni Sabucco ; prefazione di S.E. Mons. Alessandro Plotti. 264 1$aPisa :$bOffset grafica,$c1994. 300 $a91 p. :$bill. ;$c24 cm 490 1 $aQuaderni stenoniani dell'Istituto superiore di scienze religiose Niccolò Stenone di Pisa ;$v3 541 0 $aOmaggio card. Angelo Scola 650 4$aNatale.$0(OLS)http://semarc/subject/7955 700 1 $aFontana, Riccardo.$0(OLS)http://semarc/name/114559 700 1 $aSabucco, Janni.$0(OLS)http://semarc/name/114560 700 1 $aPlotti, Alessandro,$c.$0(OLS)http://semarc/name/49661 830 0$aQuaderni stenoniani dell'Istituto superiore di scienze religiose Niccolò Stenone di Pisa ;$v3.$0(OLS)http://semarc/title/436903 850 $aSeMil 852 $aSeMil$W1$xVenegono$y1$m2C VI 356$j229580$B238663$CSeMilBibl$Z2$F238663 $81 941 1 $a6 961 $aOmaggio card. Angelo Scola 996 $6245$aLuci di Natale :$bpagine bibliche, poesie ed immagini$9(OLS)http://semarc/title/436902 996 $6264$aPisa :$bOffset grafica$9(OLS)http://semarc/publisher/60083 LEADER 00906nam a2200217 4500 001 000000350209 003 CaOOAMICUS 005 20220526091856.0 008 220505s2004 it a 000 u ita r 040 $aSeMil$bita 245 00$aContributi per la storia della letteratura italiana. 264 1$aMilano :$bGuido Miano,$c2004. 300 $av. :$bill. ;$c24 cm 490 1 $aContributi storico-bibliografici 500 $aPresente solo il vol. 3 650 4$aLetteratura italiana - Storia - Antologie.$0(OLS)http://semarc/subject/4872 774 0 $t3: Il secondo Novecento.$dMilano : Guido Miano, 2004.$w()350210 830 0$aContributi storico-bibliografici.$0(OLS)http://semarc/title/439888 996 $6245$aContributi per la storia della letteratura italiana$9(OLS)http://semarc/title/439887 996 $6264$aMilano :$bGuido Miano$9(OLS)http://semarc/publisher/35316